| 000 | 01716cam a22004214i 4500 | ||
|---|---|---|---|
| 003 | PE-LiUPU | ||
| 005 | 20250731183338.0 | ||
| 008 | 141019s2002 sp a rb 000 0 spa | ||
| 020 | _a8493257117 | ||
| 035 | _a(Sirsi) i9788493257118 | ||
| 040 |
_aPE-LiUPU _bspa _cPE-LiUPU _erda |
||
| 049 | _aPRUA | ||
| 080 | 0 | _a72.034 | |
| 082 | 0 | 4 |
_a720.946 _bR74 |
| 100 | 1 |
_aRodríguez G. de Ceballos, Alfonso, _eautor. |
|
| 245 | 1 | 3 |
_aLa arquitectura de los jesuitas / _cAlfonso Rodríguez G. de Ceballos. |
| 250 | _aPrimera edición. | ||
| 264 | 1 |
_a[Madrid] : _bEdilupa, _c2002 |
|
| 300 |
_a121 páginas : _bilustraciones ; _c17 centímetros. |
||
| 336 |
_atext _2rdacontent |
||
| 337 |
_aunmediated _2rdamedia |
||
| 338 |
_avolume _2rdacarrier |
||
| 504 | _aBibliografía. | ||
| 505 | 0 | _aLos domicilios de los Jesuitas -- El estilo Jesuítico y modo nosotros, evolución de las arquitectura de la compañía de Jesús -- Los constructores, los teóricos y los patronos -- Iglesias y colegios de los Jesuitas españoles. | |
| 526 | _aP158 | ||
| 526 | _aP146 | ||
| 526 | _aP17 | ||
| 526 | _aP12 | ||
| 526 | _aP06 | ||
| 650 | 1 | 7 |
_aArquitectura jesuítica. _2embne |
| 910 |
_apeb _cng |
||
| 942 |
_2ddc _cBOOK |
||
| 949 |
_a720.946 R74 _wDEWEY _c1 _i70609 _d2016-4-11 _e2016-4-11 _lCCODEBUL1 _mBUL _n1 _p9.00 _r0 _sY _tBOOK _u2015-7-6 _xINGENIERIA _PP06 _0COMPRA _o.STAFF. Colección General |
||
| 994 |
_aC0 _bPEPRU |
||
| 596 | _a1 | ||
| 999 |
_a720.946 R74 _wDEWEY _c6437 _i70609 _d6437 _e2016-4-11 _f2021-11-9 _g6 _lCCODEBUL1 _mBUL _n1 _p9.00 _q2 _r0 _sY _tBOOK _u2015-7-6 _xINGENIERIA _PP06 _0COMPRA _o.STAFF. Colección General |
||
| 980 |
_81 _gALBERTO SANCHEZ Responsable de Automatización |
||